Statistics for Countries Without First and Last Letter #2

Click here to take the quiz!

General Stats

  • This quiz has been taken 498 times
  • The average score is 15 of 21

Answer Stats

HintCountry% Correct
UATEMALGuatemala
99%
INGAPORSingapore
99%
ALDIVEMaldives
97%
WANDRwanda
92%
EORGIGeorgia
90%
ANZANITanzania
86%
ALTMalta
84%
AMEROOCameroon
80%
LOVENISlovenia
72%
REECGreece
70%
UYANGuyana
70%
CELANIceland
68%
RENADGrenada
64%
EXICMexico
63%
IBERILiberia
55%
RAZIBrazil
54%
UNISITunisia
51%
AURNauru
50%
ALAPalau
41%
IETNAVietnam
40%
HANGhana
33%

Score Distribution

Percentile by Number Answered

Percent of People with Each Score

Your Score History

You have not taken this quiz